| Registos Bibliográficos associados ao registo de autoridade |
|
Etiqueta de registo: 00254nam 2200025 450 001 2279608 003 http://id.bnportugal.gov.pt/bib/catbnp/2279608 100 ## $a20260312d2025 k y0pory01030103ba 101 0# $aeng$dpor 102 ## $aPT 105 ## $aa m 000yy 106 ## $ar 200 1# $aSelf-efficacy for climate action$ebarriers and opportunities for small-scale farmers in Costa Rica and the Dominican
Republic$fErnesto Velazquez$gorient. João Francisco Charrua Guerra 210 #9 $aLisboa$c[s.n.],$d2025 215 ## $aXVIII, 289 p.$cil.$d30 cm 328 #1 $aTese dout. Alterações Climáticas e Políticas de Desenvolvimento Sustentável (Sociologia),
Instituto de Ciências Sociais da Universidade de Lisboa, Universidade Nova de Lisboa,
2025 675 ## $a631.14-022.3(728.6+729.3)(043)$vBN$zpor$31995615 675 ## $a502.1(728.6+729.3)(043)$vBN$zpor$31995616 675 ## $a631.1.017-051(728.6+729.3)(043)$vBN$zpor$31995618 700 #1 $aVelazquez,$bErnesto$31990977 702 #1 $aGuerra,$bJoão Francisco Charrua$f1963-$4727$31241039 801 #0 $aPT$bBN$gRPC 856 40 $2Cópia digital disponível no Repositório Universidade de Lisboa$uhttp://hdl.handle.net/10400.5/116881 966 ## $lBN$mFGMON$sS.A. 193584 V.$x1 971 ## $cabrito$d20260312 972 ## $e0$z0$d20260422$vasantos 973 ## $ctrodrigues$d20260414
|
|
|